LEADER 01221nam a22002657a 4500
008 160422b xxu||||| |||| 00| 0 eng d
999 |c 14775  |d 14775 
020 |a 9788184234244 
082 |a 928.941  |b MOH 
100 |a മോഹനവര്‍മ്മ, കെ. എല്‍. 
240 |a Akadameeyam 
245 |a അക്കാദമീയം /  |c കെ. എല്‍. മോഹനവര്‍മ്മ 
250 |a 1st ed. 
260 |a തൃശൂര്‍ :  |b ഗ്രീന്‍ ബുക്സ്,  |c 2015. 
300 |a 95p. 
600 |a തകഴി  |9 12 
600 |a എം. ടി. വാസുദേവന്‍ നായര്‍ 
600 |a സി. വി. ശ്രീരാമന്‍ 
600 |9 17  |a ഹരിഹരന‍ുണ്ണിത്താ൯, വി. കെ. 
600 |a കോവിലന്‍ 
650 |a Experience 
700 |a Mohanavarma, K. L. 
942 |2 ddc  |c BK 
952 |0 0  |1 0  |2 ddc  |4 0  |6 928_941000000000000_MOH  |7 0  |9 20962  |a MAIN  |b MAIN  |d 2016-04-22  |e Green Books  |g 85.00  |o 928.941 MOH  |p 20951  |r 2016-04-22  |t 1  |w 2016-04-22  |y BK 
952 |0 0  |1 0  |2 ddc  |4 0  |6 928_941000000000000_MOH  |7 0  |9 25152  |a MAIN  |b MAIN  |d 2017-04-27  |e Green Books  |g 85.00  |o 928.941 MOH  |p 24543  |r 2017-05-11  |t 2  |w 2017-04-27  |y BK